000
00353nam a2200157Ia 4500
003
OSt
005
20240306114411.0
008
170523s9999 xx 000 0 und d
020
_a
978-8171694631
040
_c
iimtu meerut
100
_a
SINGH- SK
245
0
_a
DICTIONARY OF MANAGEMENT
260
_b
COMMON WEALTH
260
_c
2003
942
_2
ddc
_c
02
999
_c
1032
_d
1032